000 00360 a2200169 4500
001 171421
020 _a85-322-1017-1
040 _cMagnum
100 _aHetzel, Graziela Bozano
240 1 0 _aPerigosa descoberta
_lpor
245 1 0 _aPerigosa descoberta
300 _a62
362 0 _a1993
440 1 _aFTD
697 _aLITERATURA JUVENIL
942 _cBK
999 _c171421
_d171421